Etisalat yellow pages : Dubai 2013.
| Format: | Book |
|---|---|
| Published: |
Dubai:
Express Print,
2013.
|
| Edition: | 2008 ed. |
| Subjects: |
| LEADER | 00548cam a2200157 7i4500 | ||
|---|---|---|---|
| 001 | 0000031165 | ||
| 005 | 20140319090000.0 | ||
| 090 | 0 | 0 | |a UAE 910.2595357 |b ETI |
| 245 | 0 | 0 | |a Etisalat yellow pages : |b Dubai 2013. |
| 250 | 0 | 0 | |a 2008 ed. |
| 260 | 0 | 0 | |a Dubai: |b Express Print, |c 2013. |
| 300 | # | # | |a [ v.p ]. |
| 650 | 0 | 0 | |a Dubai, United Arab Emirates -- |x Telephone directories |
| 650 | 0 | 0 | |a Dubai, United Arab Emirates -- |x Telephone directories -- |x Yellow pages |
| 651 | 0 | 0 | |a United Arab Emirates |
| 999 | |a 0000033512 |b Directories |c Countries |e Business Information Centre | ||